000 00231nam a2200085 4500
001 1300966
005 20260420144104.0
245 _aYILDIRIM BEYAZID İHANET ÇEMBERİ VE YÜKSELİŞİ
_cOKAY TİRYAKİOĞLU
260 _bTİMAŞ YAYINLARI
999 _c1300966
_d1300966